Provincias de Pakistán - Estadísticas

Estadísticas generales
  • Esta prueba ha sido intentada 10 veces
  • La puntuación promedio es 4 de 7
Respuestas en el mapa
Las respuestas están codificadas por una escala verde-roja en el mapa de la prueba según el % correcto abajo.
 
Estadísticas de respuestas
Provincias % Correcto
Baluchistán
100%
Capital Federal
100%
SInd
100%
Punyab
78%
Gilgit-Baltistán
33%
Azad Cachemira
11%
Jaiber Pastunjuá
11%
No se encontraron pruebas coincidentes
Distribución de puntuación
Porcentaje de gente con cada puntuación
Porcentaje por número respondido
Historial de tus puntuaciones
No has intentado esta prueba.